| 000 | 00597nam a2200205Ia 4500 | ||
|---|---|---|---|
| 005 | 20250508161338.0 | ||
| 008 | 008 250505s9999 xx 000 0 eng d | ||
| 037 | _aTextual | ||
| 040 |
_aFEDL _beng _cFEDL |
||
| 041 |
_aeng _2eng |
||
| 084 |
_a300.1, LOO _qFEDL |
||
| 100 | _aLoomis Charles P. | ||
| 245 | 0 | _aModern social theories : Selected American writers | |
| 260 |
_aNew Jersey, USA _bD. Van Nostrand Company _c1961 |
||
| 300 | _axxiv,720p. | ||
| 650 | _aSocial Science | ||
| 700 |
_a Loomis Zona K. _9770632 |
||
| 942 |
_cTEXL _h300.1, LOO |
||
| 999 |
_c1369639 _d1369639 |
||